Soldadura
Salvato in:
| Autore principale: | |
|---|---|
| Natura: | Libro |
| Lingua: | spagnolo |
| Pubblicazione: |
Ciudad de México
McGraw-Hill
1989
|
| Edizione: | 3a. ed |
| Soggetti: | |
| Tags: |
Aggiungi Tag
Nessun Tag, puoi essere il primo ad aggiungerne!!
|
MARC
| LEADER | 00000nam a2200000 a 4500 | ||
|---|---|---|---|
| 001 | UCW2198 | ||
| 003 | CL-VaPUC | ||
| 008 | 921229e19890000MX |||||||||||||||||spa|d | ||
| 082 | 0 | 4 | |a 671.52 |b PEN |2 21 |
| 100 | 0 | |a Pender, James A |e author |9 306155 | |
| 245 | 1 | 0 | |a Soldadura |
| 250 | |a 3a. ed | ||
| 300 | |a 308 p | ||
| 942 | |c BK | ||
| 945 | |d 19921229 00:00:00 | ||
| 260 | |a Ciudad de México |b McGraw-Hill |c 1989 | ||
| 650 | 0 | |a Soldadura |9 262933 | |
| 583 | |a last modification |c 19921229 00:00:00 |k Rodrigo Vera | ||
| 999 | |c 216802 |d 216800 | ||
| 952 | |0 0 |1 0 |4 0 |6 671_520000000000000_PEN_1989 |7 0 |8 A |9 203061 |a BIBMEC |b BIBMEC |d 2019-11-14 |i 2703076 |l 3 |o 671.52 PEN 1989 |p 2703076 |r 2024-01-19 |s 2022-05-18 |w 2019-11-14 |y BK |k MEC | ||
| 952 | |0 0 |1 0 |4 0 |6 671_520000000000000_PEN_1989 |7 0 |8 A |9 203062 |a BIBMEC |b BIBMEC |d 2019-11-14 |i 3391205 |o 671.52 PEN 1989 |p 3391205 |r 2024-01-19 |w 2019-11-14 |y BK |k MEC | ||